000 00814nam a2200253Ia 4500
003 OSt
005 20220923223236.0
006 a|||||r|||| 00| 0
007 ta
008 220922b |||||||| |||| 00| 0 hin d
024 _a212,555
037 _cTextual
040 _aARTS
_cARTS
_bhin
041 _2hin
_ahin
082 _aO152,8N24x, L6
100 _aपरसाई, हरिशंकर
_9156279
245 0 _aअपनी अपनी बीमारी
246 _aApanī apanī bīmārī
260 _aदिल्ली
_b राजपाल एंड सन्स
_c1976
300 _a125पृ.
_ccm.
650 _aहिन्दी साहित्य
_9156264
942 _hO152,8N24x, L6
_cTEXL
_2CC
999 _c362829
_d362829